Schweizer Hauptorte Karten-Quiz - Statistiken

Allgemein
  • Dieses Quiz wurde 273 mal gespielt
  • Das Durchschnittsergebnis liegt bei 20 aus 26
Antworten auf der Karte
Die Antworten werden auf der Karte rot bzw. grün angezeigt, abhängig davon wie oft sie richtig erraten wurden.
 
Antwortstatistiken
Antwort % Korrekt
Bern
91%
Basel
89%
Genf
89%
Lausanne
89%
Schaffhausen
89%
Zürich
88%
Bellinzona
86%
Freiburg
82%
Luzern
82%
Neuenburg
82%
St. Gallen
82%
Aarau
80%
Chur
80%
Solothurn
80%
Appenzell
78%
Zug
77%
Schwyz
76%
Glarus
70%
Sitten
70%
Frauenfeld
67%
Delsberg
65%
Liestal
64%
Altdorf
59%
Stans
55%
Herisau
52%
Sarnen
50%
Keine übereinstimmenden Quizze gefunden
Verteilung der Resultate
Anzahl Personen mit jedem Resultat
Perzentil nach korrekt beantworteten Fragen
Ihre Resultats-Entwicklung
Sie haben dieses Quiz noch nicht gespielt